<?xml version="1.0" encoding="UTF-8"?>
<record
    xmlns:xsi="http://www.w3.org/2001/XMLSchema-instance"
    xsi:schemaLocation="http://www.loc.gov/MARC21/slim http://www.loc.gov/standards/marcxml/schema/MARC21slim.xsd"
    xmlns="http://www.loc.gov/MARC21/slim">

  <leader>01695na  a2200349   4500</leader>
  <controlfield tag="001">24412</controlfield>
  <controlfield tag="003">MIRAKIL</controlfield>
  <controlfield tag="005">20181226104235.0</controlfield>
  <controlfield tag="008">181005b        tu            000 0      </controlfield>
  <datafield tag="020" ind1=" " ind2=" ">
    <subfield code="a">9786058596849</subfield>
  </datafield>
  <datafield tag="035" ind1=" " ind2=" ">
    <subfield code="a">19008</subfield>
  </datafield>
  <datafield tag="041" ind1=" " ind2=" ">
    <subfield code="a">tur</subfield>
  </datafield>
  <datafield tag="082" ind1=" " ind2=" ">
    <subfield code="a">342.03</subfield>
    <subfield code="b">C36a 2016</subfield>
  </datafield>
  <datafield tag="090" ind1=" " ind2=" ">
    <subfield code="a">342.03 C36a 2016</subfield>
  </datafield>
  <datafield tag="111" ind1=" " ind2=" ">
    <subfield code="a">CHP Anayasa &#xC7;al&#x131;&#x15F;tay&#x131;</subfield>
    <subfield code="d">12 Kas&#x131;m 2016</subfield>
  </datafield>
  <datafield tag="245" ind1=" " ind2=" ">
    <subfield code="a">Anayasa &#xE7;al&#x131;&#x15F;tay&#x131; raporlar&#x131;</subfield>
    <subfield code="c">derleyen B&#xFC;lent Tezcan, Onur Bilge Kulla</subfield>
  </datafield>
  <datafield tag="260" ind1=" " ind2=" ">
    <subfield code="a">Ankara</subfield>
    <subfield code="b">CHP</subfield>
    <subfield code="c">2016</subfield>
  </datafield>
  <datafield tag="300" ind1=" " ind2=" ">
    <subfield code="a">162 s.</subfield>
    <subfield code="c">21 sm.</subfield>
  </datafield>
  <datafield tag="440" ind1=" " ind2=" ">
    <subfield code="a">Cumhuriyet Halk Partisi yay&#x131;nlar&#x131;</subfield>
    <subfield code="v">4</subfield>
  </datafield>
  <datafield tag="500" ind1=" " ind2=" ">
    <subfield code="a">D&#x131;&#x15F; kapakta yap&#x131;t ad&#x131;:  Metnin &#xFC;st&#xFC;nde "T&#xFC;rkiye'de ba&#x15F;kanl&#x131;k sistemi tart&#x131;&#x15F;malar&#x131;" yaz&#x131;l&#x131;d&#x131;r.</subfield>
  </datafield>
  <datafield tag="505" ind1=" " ind2=" ">
    <subfield code="a">CHP genel ba&#x15F;kan Kemal K&#x131;l&#x131;&#xE7;daro&#x11F;lu'nun a&#xE7;&#x131;&#x15F; konu&#x15F;mas&#x131; -Anayasa vizyonu/ B&#xFC;lent Tezcan (oturum ba&#x15F;kan&#x131;);Bertil Emrah Oder ; &#x130;brahim &#xD6;. Kabo&#x11F;lu. - Parlementer demorkasi/Muharrem Erkek (oturum ba&#x15F;kan&#x131;); Selin Esen; Necmi Y&#xFC;zba&#x15F;&#x131;o&#x11F;lu - Otoriter sistem aray&#x131;&#x15F;lar&#x131; /Murat Emri (oturum ba&#x15F;kan&#x131;) ; &#x15E;ule &#xD6;zsoyboyunsuz ; Korkut Kanado&#x11F;lu - "&#xC7;o&#x11F;ulcu Demokrasi ve Parlamenter Sistem" konulu Hhukuk &#xC7;al&#x131;&#x15F;tay&#x131; I" raporu / Ahmet Mumcu ; Erdo&#x11F;an Tezi&#xE7; ; &#x130;brahim Kabo&#x11F;lu ; Korkut Kanado&#x11F;lu ; Caner Yenid&#xFC;nya</subfield>
  </datafield>
  <datafield tag="610" ind1=" " ind2=" ">
    <subfield code="a">CHP</subfield>
    <subfield code="x">Anayasa de&#x11F;i&#x15F;ikli&#x11F;i</subfield>
    <subfield code="y">Toplant&#x131;lar</subfield>
    <subfield code="y">Raporlar</subfield>
  </datafield>
  <datafield tag="610" ind1=" " ind2=" ">
    <subfield code="a">CHP</subfield>
    <subfield code="x">&#x130;ktidar ele&#x15F;tirisi</subfield>
    <subfield code="y">Toplant&#x131;lar</subfield>
  </datafield>
  <datafield tag="650" ind1=" " ind2=" ">
    <subfield code="a">Ba&#x15F;kanl&#x131;k sistemi</subfield>
    <subfield code="x">Toplant&#x131;lar</subfield>
  </datafield>
  <datafield tag="657" ind1=" " ind2=" ">
    <subfield code="a">T&#xFC;rk tipi ba&#x15F;kanl&#x131;k</subfield>
  </datafield>
  <datafield tag="700" ind1=" " ind2=" ">
    <subfield code="a">Kula, Onur Bilge</subfield>
  </datafield>
  <datafield tag="700" ind1=" " ind2=" ">
    <subfield code="a">Tezcan, B&#xFC;lent</subfield>
  </datafield>
  <datafield tag="740" ind1=" " ind2=" ">
    <subfield code="a">T&#xFC;rkiye'de ba&#x15F;kanl&#x131;k sistemi tart&#x131;&#x15F;malar&#x131;</subfield>
  </datafield>
  <datafield tag="830" ind1=" " ind2=" ">
    <subfield code="a">CHP yay&#x131;nlar&#x131;</subfield>
  </datafield>
  <datafield tag="942" ind1=" " ind2=" ">
    <subfield code="2">ddc</subfield>
    <subfield code="c">BKS</subfield>
  </datafield>
  <datafield tag="040" ind1=" " ind2=" ">
    <subfield code="a">Milas</subfield>
    <subfield code="b">tur</subfield>
    <subfield code="c">TR-AnCHP</subfield>
  </datafield>
  <datafield tag="952" ind1=" " ind2=" ">
    <subfield code="5">0</subfield>
    <subfield code="a">0002</subfield>
    <subfield code="b">0002</subfield>
    <subfield code="d">2018-10-05</subfield>
    <subfield code="l">0</subfield>
    <subfield code="o">342.03 C36a 2016</subfield>
    <subfield code="p">P00173</subfield>
    <subfield code="r">2018-10-05 00:00:00</subfield>
    <subfield code="v">0.00</subfield>
    <subfield code="w">2018-10-05</subfield>
    <subfield code="x"> </subfield>
    <subfield code="y">BKS</subfield>
  </datafield>
  <datafield tag="999" ind1=" " ind2=" ">
    <subfield code="c">11849</subfield>
    <subfield code="d">11849</subfield>
  </datafield>
</record>
